000 00935cam a22002897a 4500
003 CHAP
005 20220329140827.0
008 971013s1927 r 00010 d
010 _a58222
011 _a59194
035 _a63351
040 _cCHAP
082 _a338.14
_bP75
100 0 0 _aPrice, Hugh Bruce.
_991578
245 1 4 _aThe marketing of farm products, studies in the organization of the Twin Cities market
260 _aMinneapolis :
_bUniversity of Minnesota,
_c1927
300 _a435 p.
590 _aBATCH-UPD
_b10
_c20130110
_lUCH01
_h0757
590 _aBATCH-UPD
_b10
_c20130410
_lUCH01
_h0436
590 _aBATCH-UPD
_b10
_c20130914
_lUCH01
_h1936
590 _aCONVERSION
_b10
_c20130109
_lUCH01
_h1331
650 1 4 _aProductos agrícolas
_xMercadeo.
_991951
650 1 4 _aProductos agrícolas
_xMercadeo
_xE.U.A.
_991966
901 _aBK
942 _cLIBRO
949 _a338.14 P75
_bBC
_cBPP
_d-136056
_eBPP
_h5626
_i63351
_si
999 _c58222
_d58222